000 00497nam a22001817a 4500
999 _c12535
_d12535
003 AR-CdUCM
008 190409b ||||| |||| 00| 0 spa d
040 _aMUNICIPALIDAD PROVINCIAL DEL CUSCO
_cBIBLIOTECA MUNICIPAL DEL CUSCO
082 _a869.56 /
_bB72
100 _aRamirez Levano, Rene
_930416
245 _aAl maestro /
300 _c34 cm.
505 _aContenido : Poesia /
650 _aLiteratura
_983
650 _aPoesía
_9139
942 _2ddc
_cLIBROS
945 _arjall
_d2019-04-09